Košice Hlavná ul.

Zobrazenie: Pohľad v bielom orámovaní na park uprostred sprava. Vľavo v popredí je morový stĺp ohradený kovovým plotom s murovanými stĺpikmi, na ktorých sú sochy svätcov. Vpravo v pozadí za parkom je Národné divadlo, za ním vidno časť Dómu sv. Alžbety. Vľavo v pozadí je rad budov, medzi nimi aj prem...

Full description

Bibliographic Details
Format: Postcard
Language:Slovak
German
Hungarian
PhysicalDescription:1 pohľadnica čiernobiela 10 x 15 cm
Published: [Prešov] Lichtig [1932?]
Subjects:

MARC

LEADER 00000nkm a2200000 a 4500
001 vtls011872005
003 SK-MaSNL
005 20260512124811.0
007 kp bo
008 230706q1932 xo g kuslo
015 |a SNBG1932 
035 |a urn:nbn:sk:snk-km00dv29 
035 |a urn:nbn:sk:snk-km3lszv 
035 |a C9B89152-9FCC-4F89-B939-1DE36ACA0881 
040 |a SNK  |b slo  |c SNK  |e AACR2 
041 0 |a slo  |a ger  |a hun 
043 |a e-xo--- 
044 |a xo  |c SK 
072 7 |a 913  |x Regionálna geografia  |2 konspekt 
080 |a 913(437.6)  |2 2011 
080 |a 725.942  |2 2011 
080 |a (084.121)  |2 2011 
080 |a 72  |2 2011 
080 |a 712.253  |2 2011 
080 |a 711.61  |2 2011 
080 |a 711.73  |2 2011 
080 |a 792.05  |2 2011 
080 |a 726:27-523.41  |2 2011 
080 |a 726:27-523.42  |2 2011 
245 0 0 |a Košice  |h grafika  |b Hlavná ul. 
246 3 1 |a Košice  |b Hauptgasse 
246 3 1 |a Košice  |b Fő utca 
260 |a [Prešov]  |b Lichtig  |c [1932?] 
300 |a 1 pohľadnica  |b čiernobiela  |c 10 x 15 cm 
520 8 |a Zobrazenie: Pohľad v bielom orámovaní na park uprostred sprava. Vľavo v popredí je morový stĺp ohradený kovovým plotom s murovanými stĺpikmi, na ktorých sú sochy svätcov. Vpravo v pozadí za parkom je Národné divadlo, za ním vidno časť Dómu sv. Alžbety. Vľavo v pozadí je rad budov, medzi nimi aj premonštrátny, predtým jezuitský kostol. Vpravo v popredí je vidno prázdnu Hlavnú ulicu 
546 |a Súbežný podnázov v maď. a nem. 
610 2 7 |a Národné divadlo v Košiciach  |2 SNKKA  |9 35765 
610 2 7 |a Dóm sv. Alžbety (Košice, Slovensko)  |2 SNKKA  |9 34070 
650 0 7 |a morové stĺpy  |2 SNKPH  |9 99210 
650 0 7 |a Mariánsky stĺp (Košice, Slovensko)  |2 SNKPH  |9 31267 
650 0 7 |a parky  |2 SNKPH  |9 2942 
650 0 7 |a námestia  |2 SNKPH  |9 26291 
650 0 7 |a ulice  |2 SNKPH  |9 2938 
650 0 7 |a divadlá  |2 SNKPH  |9 29113 
650 0 7 |a katedrály  |2 SNKPH  |9 3032 
650 0 7 |a kostoly  |2 SNKPH  |9 3023 
651 7 |a Hlavná ulica (Košice, Slovensko)  |2 SNKPHgeo  |9 29594 
651 7 |a Košice (Slovensko)  |2 SNKPHgeo  |9 18694 
655 7 |a miestne pohľadnice  |2 SNKPH  |9 70510 
852 |a Slovenská národná knižnica 
958 |a GBN 
958 |a GC 
958 |a ONDV 
999 |c 947302  |d 949232 
952 |a SNK  |b SNK  |y PREZ  |7 0  |p 17A1283179  |o snkSP 110138  |z Pohľadnica prešla poštou.  |0 0  |1 0  |4 0  |d 2019-06-19  |f 1  |l 0  |r 2026-02-24 09:37:53  |w 2026-02-24